[Event "Tarragona-chB"]
[Site "Tarragona"]
[Date "2017.11.01"]
[Round "5"]
[White "Ferrer Dalmau, Josep Antonio"]
[Black "Sanz Ortiz, Joaquim"]
[Result "1-0"]
[WhiteElo "1680"]
[BlackElo "1466"]
[PlyCount "48"]
[EventDate "2017.10.08"]
[EventType "swiss"]
[EventRounds "9"]
[EventCountry "ESP"]
[SourceTitle "CBM 181 Extra"]
[Source "ChessBase"]
[SourceDate "2017.12.12"]
[SourceVersion "1"]
[SourceVersionDate "2017.12.12"]
[SourceQuality "1"]

1. d4 d5 2. c4 e5 3. cxd5 Qxd5 4. dxe5 Bb4+ 5. Bd2 Bxd2+ 6. Qxd2 Qxe5 7. Nf3 Qc5 8. Nc3 Be6 9. Rc1 Qe7 10. e3 Nd7 11. Nb5 Nc5 12. Qc3 b6 13. Qxg7 0-0-0 14. Qxh8 f6 15. b4 Nd3+ 16. Bxd3 Qxb4+ 17. Ke2 Rxd3 18. Qxh7 Qb2+ 19. Kxd3 Qxb5+ 20. Ke4 Qd5+ 21. Kf4 Qd6+ 22. Ne5 Qxe5+ 23. Kf3 Qd5+ 24. Ke2 f5 1-0

[Event "Masdenverge op 6th"]
[Site "Masdenverge"]
[Date "2017.06.30"]
[Round "1"]
[White "Sanz Ortiz, Joaquim"]
[Black "Benaiges Fontanet, German"]
[Result "1-0"]
[WhiteElo "1460"]
[BlackElo "1986"]
[PlyCount "109"]
[EventDate "2017.06.30"]
[EventType "swiss"]
[EventRounds "7"]
[EventCountry "ESP"]
[SourceTitle "EXT 2019"]
[Source "ChessBase"]
[SourceDate "2018.10.10"]
[SourceVersion "1"]
[SourceVersionDate "2018.10.10"]
[SourceQuality "1"]

1. d4 Nf6 2. e3 d5 3. Bd3 c6 4. f4 Bg4 5. Nf3 e6 6. 0-0 Bd6 7. b3 Nbd7 8. Ba3 Bxa3 9. Nxa3 Ne4 10. Nb1 0-0 11. Nbd2 Ndf6 12. Qe1 Qb6 13. Ne5 Nxd2 14. Qxd2 Bf5 15. Be2 h5 16. c4 Qd8 17. Qe1 g6 18. Qg3 Ne4 19. Qe1 Kg7 20. Nf3 Qe7 21. Nh4 Rh8 22. Nxf5+ exf5 23. c5 Rae8 24. Rd1 Nf6 25. Rd3 Ng4 26. Rf3 Qd8 27. h3 Nf6 28. Rg3 Ne4 29. Rf3 h4 30. b4 f6 31. Ra3 a6 32. Rb3 Ng3 33. Bd1 Qd7 34. a4 Rhf8 35. Bc2 Kh8 36. Bd3 g5 37. Qf2 g4 38. Rxg3 hxg3 39. Qxg3 Kg7 40. b5 axb5 41. axb5 Rh8 42. Be2 Kf7 43. hxg4 fxg4 44. Bxg4 f5 45. Be2 Reg8 46. Qf3 Rh6 47. bxc6 bxc6 48. Ba6 Kf6 49. Rb6 Ra8 50. Qg3 Qe8 51. Qg5+ Kf7 52. Qxh6 Qxe3+ 53. Kh1 Qc1+ 54. Kh2 Rh8 55. Rb7+ 1-0

[Event "Benidorm op U2000 09th"]
[Site "Benidorm"]
[Date "2010.12.05"]
[Round "3"]
[White "Elizondo Marquet, Juan Marcos"]
[Black "Sanz Ortiz, Joaquim"]
[Result "1-0"]
[WhiteElo "1952"]
[BlackElo "1579"]
[PlyCount "43"]
[EventDate "2010.12.03"]
[EventType "swiss"]
[EventRounds "10"]
[EventCountry "ESP"]
[SourceTitle "CBM 139 Extra"]
[Source "ChessBase"]
[SourceDate "2011.01.05"]
[SourceVersion "1"]
[SourceVersionDate "2011.01.05"]
[SourceQuality "1"]

1. e4 d6 2. d4 g6 3. Nc3 Bg7 4. f4 Nf6 5. Nf3 0-0 6. Bd3 c5 7. d5 a6 8. a4 Re8 9. 0-0 e5 10. fxe5 dxe5 11. Kh1 Nbd7 12. Bg5 Qb6 13. Rb1 Qd6 14. Qd2 Qf8 15. Bc4 h6 16. Be3 Ng4 17. Bg1 Nb6 18. Ba2 Qd6 19. h3 Nf6 20. Be3 Kh7 21. Qf2 Bd7 22. Bxc5 1-0